[Event "FRA-chT2 East 0607"]
[Site "France"]
[Date "2007.04.01"]
[Round "11.7"]
[White "Koehler, Jerome"]
[Black "Reeb, Roland"]
[Result "1-0"]
[WhiteElo "2023"]
[BlackElo "2015"]
[PlyCount "71"]
[EventDate "2006.10.15"]
[EventType "team"]
[EventRounds "11"]
[EventCountry "FRA"]
[SourceTitle "EXT 2008"]
[Source "ChessBase"]
[SourceDate "2007.11.25"]
[SourceVersion "1"]
[SourceVersionDate "2007.11.25"]
[SourceQuality "1"]
[WhiteTeam "Obernai"]
[BlackTeam "Bischwiller II"]
[WhiteTeamCountry "FRA"]
[BlackTeamCountry "FRA"]

1. e4 e5 2. Nf3 Nc6 3. Bc4 Bc5 4. b4 Bxb4 5. c3 Be7 6. Qb3 Nh6 7. d4 Na5 8. Qb5 Nxc4 9. Bxh6 gxh6 10. Qxc4 exd4 11. cxd4 d6 12. Nc3 c6 13. Rc1 0-0 14. 0-0 Bf6 15. Rfe1 Bg7 16. d5 Bg4 17. Qd3 c5 18. Nd2 a6 19. a4 Rb8 20. h3 Bh5 21. f4 Qh4 22. Rf1 Bd4+ 23. Kh2 Bxc3 24. Qxc3 b5 25. axb5 Be2 26. g3 Qh5 27. g4 Qh4 28. Nf3 Bxf3 29. Rxf3 Rxb5 30. Rg1 Rfb8 31. Rg2 Qe7 32. g5 h5 33. Qf6 Qxe4 34. Rfg3 Rb3 35. Qxd6 Rxg3 36. Qxb8+ 1-0